000 00293nam a22001337a 4500
008 170330b xxu||||| |||| 00| 0 eng d
020 _a9780312099381
041 _aeng
080 _a616-053.2
100 _a8
101 _aSHM
245 _aWHILE WAITING
_cVERRILLI, G.E
942 _2udc
_cBK
999 _c9161
_d9161